000 00783nam a2200241Ia 4500
003 OSt
005 20220923223049.0
006 a|||||r|||| 00| 0
007 ta
008 220922b |||||||| |||| 00| 0 hin d
024 _a210,344
037 _cTextual
040 _aARTS
_cARTS
_bhin
041 _2hin
_ahin
082 _aO152,3n302:g, N1
100 _aशर्मा, ब्रजमोहन
245 0 _aकथा लेखिका मन्नम भंडारी
246 _aKathā lekhikā hinnam bhanḍārī
260 _aदिल्ली
_b कादम्बरी प्रका0
_c1991
300 _a132पृ.
_ccm.
942 _hO152,3n302:g, N1
_cTEXL
_2CC
999 _c360893
_d360893